Welcome to CU Library Online Public Access Catalogue (OPAC)

Motorized Flexion-Distraction and Motion Adjusting (Record no. 8011)

MARC details
000 -LEADER
fixed length control field 00449nam a22001457a 4500
005 - DATE AND TIME OF LATEST TRANSACTION
control field 20251103192648.0
008 - FIXED-LENGTH DATA ELEMENTS--GENERAL INFORMATION
fixed length control field 251103b |||||||| |||| 00| 0 eng d
050 ## - LIBRARY OF CONGRESS CALL NUMBER
Classification number RZ255
Item number .A58
100 ## - MAIN ENTRY--PERSONAL NAME
Personal name Anthony, Dennis
245 ## - TITLE STATEMENT
Title Motorized Flexion-Distraction and Motion Adjusting
Statement of responsibility, etc. Dennis Anthony & Stephen Tranter
260 ## - PUBLICATION, DISTRIBUTION, ETC.
Place of publication, distribution, etc. Topeka, Kansas
Name of publisher, distributor, etc. Jostens Publications
Date of publication, distribution, etc. 1995
300 ## - PHYSICAL DESCRIPTION
Extent 138p.
Other physical details ill.
Dimensions 20cm
700 ## - ADDED ENTRY--PERSONAL NAME
Personal name Tranter, Stephen
942 ## - ADDED ENTRY ELEMENTS (KOHA)
Source of classification or shelving scheme Library of Congress Classification
Koha item type Books
Suppress in OPAC No
999 ## -
-- 8011
-- 8011
Holdings
Withdrawn status Lost status Source of classification or shelving scheme Damaged status Not for loan Collection Home library Current library Shelving location Date acquired Total checkouts Full call number Barcode Date last seen Copy number Price effective from Koha item type
    Library of Congress Classification     Non-fiction Science Library (Miotso) Science Library (Miotso) General stacks 11/03/2025   RZ255 .A58 ANT SLM00005192 11/03/2025 1 11/03/2025 Books
© 2023-2024 Copyright: Central University Libraries. All Rights Reserved | Created by: Mahone Tech Office